| 000 | 00448nam a2200169Ia 4500 | ||
|---|---|---|---|
| 008 | 100223t1997 xxu||||| |||| 00| 0 sin d | ||
| 041 | _asin | ||
| 080 |
_aX8s31 _bRAJ |
||
| 100 | _aRajapaksha, Hasalie | ||
| 245 | _aයුගයේ යුවතියක් | ||
| 246 | _aYugaye Yuvathiyak | ||
| 260 |
_bHasali Rajapaksha _aNawagamuwa _c1997 |
||
| 300 | _a276p., 21 cm | ||
| 942 | _cBK | ||
| 999 |
_c71227 _d71227 |
||
| 003 | LK-CoDNM | ||
| 040 |
_aLK-CoDNM _dLK-CoDNM _eLK-CoDNM |
||